1640 1960 1471 1295 1988 1888 1369 1567 1468 1670 1084 1308 1793 1862 1185 1536 1271 1556 1377 1146 1169 1782 1785 1527 1766 1352 1083 1364 1959 1144 1476 1970 1175 1489 1377 1918 1669 1085 1048 1707 1810 1664 1720 1768 1254 1823 1592 1477 1317 1319 1601 1240 1937 1724 1939 1799 1491 1641 1492 1889 1321 1476 1502 1679 1919 1513 1236 1789 1079 1158 1945 1766 1421 1646 1815 1659 1244 1048 1088 1567 1727 1526 1834 1136 1828 1931 1252 1207 1102 1587 1386 1053 1381 1378 1829 1476 1024 1518 1317 BCNSPRNW ULIB Ver.6.0+V

เปลี่ยนเป็นภาษาไทย

Change to English
 แสดงรายละเอียดบรรณานุกรม
  กลับหน้าหลัก

Brief Record : Get Marc (ISO 2709) : E-mail record : QR code < ปิดหน้าต่าง
LEADER : 00000nam 2200000uu 4500
001    13399124675
003     ULIB
008    151120s2546||||th 000 0 tha d
099    ^aวพ.W 4^bศ173ร
100 0  ^aศรีสังวาลย์ เนตรอนงค์
245 10 ^aระยะเวลาในการจำหน่ายและปัจจัยที่เกี่ยวข้องของผู้ป่วยหลังได้รับยาระงับความรู้สึกทั่วไปในห้องพักฟื้น โรงพยาบาลนครพิงค์ /^cศรีสังวาลย์ เนตรอนงค์
260    ^aเชียงใหม่ :^bบัณฑิตวิทยาลัย มหาวิทยาลัยเชียงใหม่,^c2546
300    ^aฌ, 97 แผ่น :^bตาราง
502    ^aวิทยานิพนธ์ (พยาบาลศาสตรมหาบัณฑิต (สาขาวิชาการบริหารการพยาบาล)) -- มหาวิทยาลัยเชียงใหม่
504    ^aบรรณานุกรม: แผ่น 79 - 84
610 27 ^aโรงพยาบาลนครพิงค์
650  2 ^aDissertations, academic^xnursing
650  2 ^aPatient discharge
650  2 ^aAnesthesia
650  2 ^aRecovery room
650  7 ^aโรงพยาบาล^xการรับและจำหน่ายผู้ป่วย
650  7 ^aผู้ป่วย^xการดูแล
650  7 ^aยาระงับความรู้สึก
710 2  ^aมหาวิทยาลัยเชียงใหม่.^bบัณฑิตวิทยาลัย
710 2  ^aมหาวิทยาลัยเชียงใหม่.^bสาขาวิชาการบริหารการพยาบาล
945    ^p0^l0^i000218
999    ^aวรรณษา ชูชัยมงคล
รายการนี้ยังไม่มีแท็ก
คุณยังไม่ได้ล็อกอิน คุณสามารถมีกิจกรรมร่วมกับเว็บไซต์ได้ แต่ต้องล็อกอินก่อน ::
  ล็อกอิน

รายการสื่อสารสนเทศ

ลำดับที่ ประเภท เลขเรียก/บาร์โค้ด สถานที่ สถานะ
1. วิทยานิพนธ์
วิทยานิพนธ์
วพ.W 4 ศ173ร ฉ.1 
  Barcode: 000218
ห้องสมุดวิทยาเขตสวรรค์ประชารักษ์
► วิทยานิพนธ์
บนชั้น

รายการใกล้เคียง
    หัวเรื่อง [Patient discharge]
    หัวเรื่อง [Anesthesia]
    หัวเรื่อง [ผู้ป่วย การดูแล]
    หัวเรื่อง [ยาระงับความรู้สึก]

BibComment


ยังไม่เคยถูกคอมเมนท์

คอมเมนท์ทรัพยากรรายการนี้
  คอมเมนท์: ระยะเวลาในการจำห..


 Copyright 2026. Bcnsprnw @Library